Arachar (Record no. 122206)

MARC details
000 -LEADER
fixed length control field 01080nam a2200229Ia 4500
003 - CONTROL NUMBER IDENTIFIER
control field OSt
005 - DATE AND TIME OF LATEST TRANSACTION
control field 20240524102653.0
008 - FIXED-LENGTH DATA ELEMENTS--GENERAL INFORMATION
fixed length control field 210210b2017 xxu||||| |||| 00| 0 eng d
020 ## - INTERNATIONAL STANDARD BOOK NUMBER
International Standard Book Number 9788126439362
040 ## - CATALOGING SOURCE
Transcribing agency AL
041 ## - LANGUAGE CODE
Language code of text/sound track or separate title Malayalam
082 ## - DEWEY DECIMAL CLASSIFICATION NUMBER
Classification number 894.8123 MEEA
100 ## - MAIN ENTRY--PERSONAL NAME
Personal name MEERA (K R)
9 (RLIN) 167354
Dates associated with a name മീര ക്ര
245 ## - TITLE STATEMENT
Title Arachar
Remainder of title ആരാച്ചാർ
260 ## - PUBLICATION, DISTRIBUTION, ETC.
Place of publication, distribution, etc. Kottayam
Name of publisher, distributor, etc. D C Books
Date of publication, distribution, etc. 2017
300 ## - PHYSICAL DESCRIPTION
Extent 552
520 ## - SUMMARY, ETC.
Summary, etc. ” by K R Meera tells the story of such a girl.|Executioner is a story based on the Indian culture of caste and religion. The story illustrated in Kolkata narrates about a family’s culture and profession of “executioner” which was being performed by men from decades. Chetna that’s what the protagonist of the story called as father was an executioner a profession inherited by him. But today there is no one to inherit this profession… Will a girl Chetna be able to inherit her family profession of Execution?
650 ## - SUBJECT ADDED ENTRY--TOPICAL TERM
Topical term or geographic name entry element Aarachar
9 (RLIN) 167355
690 ## - LOCAL SUBJECT ADDED ENTRY--TOPICAL TERM (OCLC, RLIN)
Topical term or geographic name as entry element Malayalam
9 (RLIN) 167356
906 ## - LOCAL DATA ELEMENT F, LDF (RLIN)
a 072407
942 ## - ADDED ENTRY ELEMENTS (KOHA)
Source of classification or shelving scheme Dewey Decimal Classification
Koha item type Book
Holdings
Withdrawn status Lost status Damaged status Not for loan Collection code Home library Current library Shelving location Date acquired Source of acquisition Cost, normal purchase price Total Checkouts Total Renewals Full call number Barcode Date last seen Date last checked out Price effective from Koha item type
          St Aloysius Library St Aloysius Library   02/17/2021 Biblios Book Point, Surathkal-575014 495.00 15 5 894.8123 MEEA 072407 02/24/2026 02/16/2026 02/17/2021 Book